Physik Astronomie & Astrologie - Quiz #2 (normal) - Statistiken

Allgemein
  • Dieses Quiz wurde 200 mal gespielt
  • Das Durchschnittsergebnis liegt bei 9 aus 15
Antwortstatistiken
Frage Antwort % Korrekt
Wie lange dauert es, bis Licht die Sonne erreicht? 8 Minuten
88%
Was ist die Ursache der Gravitation laut Einsteins allgemeiner Relativitätstheorie? Die Krümmung der Raumzeit durch Masse
86%
Welche Einheit wird verwendet, um den elektrischen Widerstand zu messen? Ohm
84%
Was beschreibt die Heisenbergsche Unschärferelation? Die Unmöglichkeit, den Ort und Impuls eines Teilchen gleichzeitig exakt zu bestimmen
81%
Welche drei Tierkreiszeichen werden traditionell dem Element Feuer zugeordnet? Widder, Löwe, Schütze
70%
Wie wird das Phänomen genannt, bei dem das Licht von Sternen durch massive Objekte im All abgelenkt wird? Gravitationslinsen-Effekt
69%
Welches Element ist das häufigste im Universum? Wasserstoff
69%
Welches Sternzeichen gehört zum Element Luft? Waage
53%
Welcher Aszendent wird benötigt, um ein vollständiges Horoskop zu erstellen? Der zum Geburtszeitpunkt am östlichen Horizont aufsteigende Tierkreisabschnitt
52%
Welche Kraft sorg dafür, dass Sterne in ihrer Lebenszeit stabil bleiben? Die Kernfusion
52%
Welcher Planet wird in der Astrologie mit Kommunikation und Intellekt verbunden? Merkur
42%
Welcher Planet unseres Sonnensystem hat die meisten Monde? Saturn
35%
Welche Strahlung ist für den photoelektrischen Effekt verantwortlich? Ultraviolett-Strahlung
31%
Was ist ein Bose-Einstein-Kondensat? Ein Zustand von Materie bei extrem niedrigen Temperaturen
26%
Welches Sternzeichen ist das erste im Tierkreis? Widder
15%
Keine übereinstimmenden Quizze gefunden
Verteilung der Resultate
Anzahl Personen mit jedem Resultat
Perzentil nach korrekt beantworteten Fragen
Ihre Resultats-Entwicklung
Sie haben dieses Quiz noch nicht gespielt